K podstate a obsahu podnikateľských stratégií
Pojem stratégia a jej rôzne definície. Pre posúdenie koncepcie stratégií na podnikateľskej úrovni sú dôležité niektoré pojmy: 1. odlišujúca schopnosť - kompetentnosť - prednosť, 2. konkurenčná výhoda, 3. úroveň stratégie. Pojem podniková stratégia. Strategické rozhodnutia ako súčasť podnikateľských...
Gespeichert in:
| 1. Verfasser: | |
|---|---|
| Format: | Buchkapitel |
| Sprache: | Slowakisch |
| Schlagworte: | |
| Tags: |
Keine Tags, Fügen Sie das erste Tag hinzu!
|
MARC
| LEADER | 00000naa a2200000 4500 | ||
|---|---|---|---|
| 001 | r017232 | ||
| 005 | 20221205101605.1 | ||
| 041 | 0 | |a slo | |
| 044 | |a SK | ||
| 245 | 1 | 0 | |a K podstate a obsahu podnikateľských stratégií |c Dagmar Lesáková |
| 520 | |a Pojem stratégia a jej rôzne definície. Pre posúdenie koncepcie stratégií na podnikateľskej úrovni sú dôležité niektoré pojmy: 1. odlišujúca schopnosť - kompetentnosť - prednosť, 2. konkurenčná výhoda, 3. úroveň stratégie. Pojem podniková stratégia. Strategické rozhodnutia ako súčasť podnikateľských stratégií. | ||
| 610 | 2 | 0 | |a stratégia podniková |
| 610 | 2 | 0 | |a podnikanie |
| 610 | 2 | 0 | |a výhody konkurenčné |
| 610 | 2 | 0 | |a pojmy |
| 100 | 1 | |a Lesáková, Dagmar, 1949- | |